Central Library OPAC University of Rajshahi

Avicenna's De anima (Arabic text) : (Record no. 30466)

MARC details
000 -LEADER
fixed length control field 00931cam a2200289 a 4500
001 - CONTROL NUMBER
control field 30466
003 - CONTROL NUMBER IDENTIFIER
rucl marc code BD-RjUL
005 - DATE AND TIME OF LATEST TRANSACTION
control field 20211209051553.0
008 - FIXED-LENGTH DATA ELEMENTS--GENERAL INFORMATION
fixed length control field 140410t1959 enk 001 0 eng d
035 ## - SYSTEM CONTROL NUMBER
System control number (BD-RjUL)30552
040 ## - CATALOGING SOURCE
Original cataloging agency DLC
Transcribing agency OUN
Modifying agency m.c.
-- IUL
-- CStRLIN
-- UkEU
-- BD-RjUL
Language of cataloging eng
041 0# - LANGUAGE CODE
Language code of text/sound track or separate title engara
082 04 - DEWEY DECIMAL CLASSIFICATION NUMBER
Classification number 150
Author mark and year AVI 1959
245 10 - TITLE STATEMENT
Title Avicenna's De anima (Arabic text) :
Remainder of title being the psychological part of Kitāb al-Shifā' /
Statement of responsibility, etc. edited by F. Rahman.
260 ## - PUBLICATION, DISTRIBUTION, ETC. (IMPRINT)
Place of publication, distribution, etc. London ;
-- New York :
Name of publisher, distributor, etc. Oxford University Press,
Date of publication, distribution, etc. 1959.
300 ## - PHYSICAL DESCRIPTION
Pagination x, 298 p. ;
Size 22 cm.
504 ## - BIBLIOGRAPHY, ETC. NOTE
Bibliography, etc Includes indexes.
650 #0 - SUBJECT ADDED ENTRY--TOPICAL TERM
Topical term or geographic name as entry element Soul.
9 (RLIN) 3912
700 1# - ADDED ENTRY--PERSONAL NAME
Personal name Rahman, Fazlur,
Dates associated with a name 1905-
830 #0 - SERIES ADDED ENTRY--UNIFORM TITLE
Uniform title University of Durham publications
942 ## - ADDED ENTRY ELEMENTS (KOHA)
Source of classification or shelving scheme Dewey Decimal Classification
Koha item type Books
Holdings
Lost status Source of classification or shelving scheme Damaged status Not for loan Collection code Permanent Location Current Location Shelving location Date acquired Source of acquisition Cost, normal purchase price Total Checkouts Full call number Date last seen Copy number Koha item type
  Dewey Decimal Classification     Non-fiction Central Library, University of Rajshahi Central Library, University of Rajshahi   13/02/1963 zeithinger 0.00   150 AVI 1959 10/04/2014 C-2 Books